| 000 | 01800nam a22003977a 4500 | ||
|---|---|---|---|
| 005 | 20260112184556.0 | ||
| 008 | 180320b2013 xxu||||| |||| 00| 0 spa d | ||
| 020 | _a9786073221337 | ||
| 041 | _aESP | ||
| 082 | _a658.72 C549a5 | ||
| 100 |
_aChopra, Sunil _946307 |
||
| 100 |
_aMeindl, Peter _946308 |
||
| 245 | _aAdministración de la cadena de suministros: estrategia, planeación y operación | ||
| 260 | _aMéxico | ||
| 260 | _bPearson Educación | ||
| 260 | _c2013 | ||
| 300 | _a516 páginas | ||
| 490 | _aDirección y Administración de Empresas | ||
| 505 | _aParte I. Construcción de un marco de trabajo estratégico para analizar las cadenas de suministro; Parte II. Diseño de redes de distribución y aplicaciones a ventas en línea. Parte III. Planeación y coordinación de la demanda y la oferta en la cadena de suministro; Parte IV. Planeación y administración de inventarios en una cadena de suministro; Parte V. Diseño y planeación de redes de transporte; Parte VI. Administración de los controladores de funciones cruzadas en una cadena de suministro. | ||
| 650 | _aSUMINISTRO | ||
| 650 | _aCADENA DE SUMINISTROS | ||
| 650 | _aDISEÑO DE RED DE CADENA DE SUMINISTRO | ||
| 650 | _aAJUSTE ESTRATÉGICO | ||
| 650 | _aADMINISTRACIÓN | ||
| 650 | _aDISEÑO DE REDES DE DISTRIBUBUCIÓN | ||
| 650 | _aDISEÑO Y PLANEACIÓN DE REDES DE TRANSPORTE | ||
| 650 | _aDISEÑO DE REDES DE CADENA DE SUMINISTRO GLOBALES | ||
| 650 | _aADMINISTRACIÓN DE INVENTARIOS | ||
| 650 | _aREDES DE DISTRIBUCIÓN | ||
| 650 | _aCOORDINACIÓN EN UNA CADENA DE SUMINISTRO | ||
| 650 | _aTECNOLOGÍA DE LA INFORMACIÓN EN UNA CADENA DE SUMINISTRO | ||
| 650 | _aESTRATEGIA | ||
| 650 | _aCANALES DE DISTRIBUCIÓN | ||
| 650 | _aPLANEACIÓN | ||
| 942 |
_cBK _2ddc |
||
| 999 |
_c10485 _d10485 |
||